000 01306nam a2200265Ia 4500
999 _c3827
_d3827
003 OSt
005 20200702152932.0
008 191128s2014 ck fr 000 0 spa d
020 _a9789585704268
040 _aCO-JMCR
_cCO-JMCR
041 0 _aspa
082 0 4 _a336.20 /
_bC617e
_223
100 1 _aClavijo Vergara, Sergio,
_eautor
_96513
245 1 0 _aElementos para una reforma tributaria estructural (2014-2018) /
_cSergio Clavijo, Alejandro Vera y Nelson Vera
260 _aBogotá :
_bAsociación Nacional de Instituciones Financieras,
_c2014
300 _a137 páginas ;
_c22 cm.
501 _aCon: El impuesto de Renta en Colombia / Horacio Ayala
505 0 _aAnálisis de la coyuntura tributaria 2010-2014 -- Experiencia Internacional: Colombia vs Alianza del Pacífico -- Tasas efectivas de tributación en Colombia -- Efectos microeconómicos de la Ley 1607 de 2012
520 3 _aEste libro contiene dos documentos que hacen un análisis de la estructura tributaria de Colombia y de los elementos necesarios para una reforma en el próximo cuatrenio.
650 1 4 _aReforma tributaria
_y2014-2018
_zColombia
_96514
650 1 4 _aImpuestos sobre la renta
_y2014-2018
_zColombia
_96515
700 1 _aVera, Alejandro,
_eautor
_94755
700 1 _aVera, Nelson,
_eautor
_96516
942 _2ddc
_cBK